Modern management theory: an executive guide to corporate growth (Record no. 393290)

000 -LEADER
fixed length control field 00471cam a22001577a 4500
008 - FIXED-LENGTH DATA ELEMENTS--GENERAL INFORMATION
fixed length control field 180718b1999 xxu||||| |||| 00| 0 eng d
020 ## - INTERNATIONAL STANDARD BOOK NUMBER
International Standard Book Number 8173913196
082 ## - DEWEY DECIMAL CLASSIFICATION NUMBER
Classification number I5 W119
100 ## - MAIN ENTRY--PERSONAL NAME
Personal name Wadia, Praveen
245 ## - TITLE STATEMENT
Title Modern management theory: an executive guide to corporate growth
Statement of responsibility, etc. by Praveen Wadia
260 ## - PUBLICATION, DISTRIBUTION, ETC.
Place of publication, distribution, etc. New Delhi
Name of publisher, distributor, etc. Kanishka
Date of publication, distribution, etc. 1999
300 ## - PHYSICAL DESCRIPTION
Extent 278p.
650 ## - SUBJECT ADDED ENTRY--TOPICAL TERM
Topical term or geographic name entry element Managerial economics
650 ## - SUBJECT ADDED ENTRY--TOPICAL TERM
Topical term or geographic name entry element Management - Decision making
650 ## - SUBJECT ADDED ENTRY--TOPICAL TERM
Topical term or geographic name entry element Management science
Holdings
Withdrawn status Lost status Damaged status Not for loan Permanent Location Current Location Date acquired Full call number Barcode Date last seen Price effective from Koha item type
        Indian Institute of Public Administration Indian Institute of Public Administration 2000-06-24 I5 W119 75317 2018-07-21 2018-07-21 Book

Powered by Koha